000
00324nam a2200157Ia 4500
100
_a
Lavanya/R
650
_a
HTML
942
_c
BK
366
_f
25
245
_a
HTML 5:Magic word for web designing
260
_b
Ane Books
_c
2011
082
_a
4.65
_b
LAV
300
_a
211
546
_a
ENGLISH
_c
Computers
999
_c
20177
_d
20177